00299nam a22001457a 450000500170000002000180001704100120003508200160004710000090006324500310007225000070010326000240011030000080013436500110014220260616143504.0 a9789388973861 aEnglish aT13 R23 BAM aBama aOru Thaththavum Yerumaiyum a01 aChennaibNCBHc2023 a236 b270.00